Statistics for World Cup 2022 XIs - England vs France

Click here to take the quiz!

General Stats

  • This quiz has been taken 45 times
  • The average score is 19 of 22

Answer Stats

PositionPlayer% Correct
STHarry Kane
98%
CBHarry Maguire
98%
GKHugo Lloris
98%
GKJordan Pickford
98%
LWKylian Mbappé
98%
STOlivier Giroud
95%
CBJohn Stones
93%
RBKyle Walker
93%
CMJude Bellingham
90%
CMJordan Henderson
88%
LBLuke Shaw
88%
LWPhil Foden
88%
RWBukayo Saka
85%
LBTheo Hernández
85%
CAMAntoine Griezmann
83%
CDMAurélien Tchouaméni
80%
CMDeclan Rice
80%
CBRaphael Varane
80%
RWOusmane Dembélé
78%
CDMAdrien Rabiot
73%
CBDayot Upamecano
65%
RBJules Koundé
58%

Score Distribution

Percentile by Number Answered

Percent of People with Each Score

Your Score History

You have not taken this quiz